1310 1356 1182 1851 1276 1428 1785 1071 1769 1750 1812 1968 1781 1609 1834 1469 1357 1851 1533 1753 1907 1701 1857 1924 1482 1987 1630 1577 1430 1933 1288 1407 1227 1184 1959 1569 1117 1558 1042 1600 1155 1819 1540 1196 1582 1233 1531 1516 1898 1518 1638 1723 1357 1730 1762 1925 1916 1702 1138 1426 1027 1591 1299 1316 1808 1054 1921 1201 1056 1678 1260 1735 1345 1633 1335 1204 1718 1921 1903 1215 1070 1155 1045 1270 1287 1920 1551 1725 1090 1379 1416 1788 1380 1152 1945 1994 1636 1007 1505 BCNSPRNW ULIB Ver.6.0+V

เปลี่ยนเป็นภาษาไทย

Change to English
 แสดงรายละเอียดบรรณานุกรม
  กลับหน้าหลัก

Brief Record : Get Marc (ISO 2709) : E-mail record : QR code < ปิดหน้าต่าง
LEADER : 00000nam 2200000uu 4500
001    13399114847
003     ULIB
008    120611s2553||||th 000 0 tha d
020    9786160602445
090    ^aนว.^bอ525ป 2553
100 0  ^aอัญชรีย์
245 00 ^aปริศนารักจากกามเทพ/^cอัญชรีย์
250    ^aพิมพ์ครั้งที่ 4
260    ^aกรุงเทพฯ:^bแจ่มใส, 2553
300    ^a488 หน้า
945    ^p279^l0^i18290
995    ^aกัณชพร
999    ^aใช้งานได้ทุกระบบ
รายการนี้ยังไม่มีแท็ก
คุณยังไม่ได้ล็อกอิน คุณสามารถมีกิจกรรมร่วมกับเว็บไซต์ได้ แต่ต้องล็อกอินก่อน ::
  ล็อกอิน

รายการสื่อสารสนเทศ

ลำดับที่ ประเภท เลขเรียก/บาร์โค้ด สถานที่ สถานะ
1. นวนิยาย
นวนิยาย
นว. อ525ป 2553  
  Barcode: 18290
ห้องสมุดวิทยาเขตสวรรค์ประชารักษ์
►นวนิยาย
บนชั้น
  ขอยืม

รายการใกล้เคียง
    ผู้แต่ง [อัญชรีย์]

BibComment


ยังไม่เคยถูกคอมเมนท์

คอมเมนท์ทรัพยากรรายการนี้
  คอมเมนท์: ปริศนารักจากกามเ..


 Copyright 2026. Bcnsprnw @Library